| 000 | 01091nam2a22003011 4500 | ||
|---|---|---|---|
| 001 | v19\rc\1952260 | ||
| 005 | 20251118180925.6 | ||
| 035 | _a(NLR Aleph) 005036962 | ||
| 090 |
_a6752049 _c6752049 |
||
| 100 | _a20080428d1914 u y0rusy50 ca | ||
| 101 | 0 | _arus | |
| 102 | _aRU | ||
| 105 | _aa z ||||| | ||
| 200 | 0 | _aВып. 2 | |
| 210 | _d1914 | ||
| 215 |
_a63 с. _cил. |
||
| 461 | 0 |
_1001v19\rc\1952258 _12001#$aЛегенды Крыма$fТекст Н. Маркса$gРис. К. Арцеулова. Вып. 1-3$vВып. 2 _1700#1$aМаркс$bН.А.$f1861-$gНикандр Александрович _96752032 _aМаркс, Н.А. (1861-1921) _cМосква _d1913-1917 _fТекст Н. Маркса _nТ-во скоропеч. А.А. Левенсон _p3 т. _tЛегенды Крыма _vВып. 2 |
|
| 801 | 0 |
_aRU _bNLR _gpsbo |
|
| 801 | 0 |
_aRU _bRuMoRGB _2psbo |
|
| 801 | 1 |
_aRU _bProSoft-M _2rusmarc |
|
| 852 |
_aNLR _j37.34.1.60 |
||
| 852 |
_aNLR _j116/1033 |
||
| 899 |
_aRuMoRGB _jG 69/232 |
||
| 899 | _aБАН | ||
| 899 | _aГПИБ | ||
| 899 | _aНБ МГУ | ||
| 942 | _cBOOK | ||
| 980 | _aNB | ||